000 00962nam a2200253 a 4500
008 170302t1979 ag ||||f |||| 001 0 spa d
020 _aS/N
041 _aspa
092 _c170
_l46
_sKAL
100 1 _aKalinowski, Georges
_93154
245 3 _aEl problema de la verdad en la moral y en el derecho /
_cGeorges Kalinowski
250 _a1a ed.
_bTraduccion Enrique Mari
260 _aBuenos Aires:
_bEUDEBA;
_c1979.
300 _a173 p.
500 _aKalinowski, G. (1979). El problema de la verdad en la moral y en el derecho. (1a ed.). Buenos Aires : EUDEBA.
590 _aDonacion Dora Vera, febrero 2017.
653 _aPartidiarios del no
653 _aSostenedores del si
653 _aProposiciones morales y normas juridicas
653 _aVerdad y verificacion de las estimaciones morales
653 _aVerdad y verificacion de las normas morales
653 _aValor logico y justificacion racional de los imperativos morales
942 _2ddc
_cBK
999 _c2390
_d2390